00479 2200193 4500001002100000005001500021008004100036020002200077035001900099041000700118082000800125090001400133100001700147245004200164260002800206300002100234500001100255650001900266INLIS00000000000235320241224112525241224||||||||| | ||| |||| || |  a978-602-255-713-5 0010-1224002353 aid0 a614 a614 NOV b0 aNoviya Rimbi00aBuku Cerdik Penyakit-Penyakit Menular aYogyakartabSaufac2014 a166 hlm. ; 21 cm aCet. 1 0aILMU KESEHATAN